| 000 | 00821nam a2200253 a 4500 | ||
|---|---|---|---|
| 003 | OSt | ||
| 005 | 20151215085325.0 | ||
| 008 | 020226s1984 esp 0001 spa d | ||
| 020 | _a84-320-3902-0 | ||
| 040 | _cBMC | ||
| 082 | _a823.9915 | ||
| 100 | 1 |
_aSterne, Laurence _937377 _d1713-1768 |
|
| 245 | 1 | 0 |
_aVida y opiniones de Tristram Shandy, caballero _cLaurence Sterne ; introducción, Doireann Macdermott ; traducción, Ana María Aznar |
| 250 | _a1ª ed | ||
| 260 |
_aMadrid _bCátedra _cD.L. 1984 |
||
| 300 |
_a459 p. _c17 cm |
||
| 490 | 0 |
_aClásicos universales Planeta _v71 |
|
| 595 | _aTraducción de: The life and opinions of tristram shandy | ||
| 650 | 2 | 4 |
_926310 _aNovela irlandesa |
| 653 | _aNovela | ||
| 700 | 1 |
_aMacdermott, Doireann _937378 |
|
| 700 | 1 |
_aAznar, Ana María _937379 |
|
| 942 |
_2ddc _cBK |
||
| 999 |
_c24016 _d24016 |
||